000
00302nam a2200121Ia 4500
008
190216s9999||||xx |||||||||||||| ||und||
100
_a
Ismail Wafa
245
0
_a
Arinhirikkaenda Niyamangal
260
_b
Poomkavanam Books Publishers
_c
1993
300
_a
100p
650
_a
Islamic History
942
_c
BK
999
_c
22350
_d
22350